The Squad Members (Piper Rockelle) - Statistics

General Stats
  • This quiz has been taken 92 times
  • The average score is 11 of 19
Answer Stats
Picture Answer % Correct
Piper Rockelle
100%
Gavin Magnus
83%
Sophie Fergi
83%
Lev Cameron
78%
Emily Dobson
75%
Elliana Walmsley
72%
Sawyer Sharbino
67%
Jentzen Ramirez
64%
Claire RockSmith
56%
Jenna Davis
56%
Ayden Mekus
53%
Connor Cain
50%
Hayden Haas
44%
Symmone Harrison
44%
Walker Bryant
44%
Corinne Joy
36%
Indi Star
36%
Donlad Dougher
25%
Ruby Lightfoot
25%
No matching quizzes found
Score Distribution
Percent of People with Each Score
Percentile by Number Answered
Your Score History
You have not taken this quiz